| 000 | 00789nam a2200229Ia 4500 | ||
|---|---|---|---|
| 003 | OSt | ||
| 005 | 20220923220945.0 | ||
| 006 | a|||||r|||| 00| 0 | ||
| 007 | ta | ||
| 008 | 220922b |||||||| |||| 00| 0 hin d | ||
| 024 | _a192,758 | ||
| 037 | _cTextual | ||
| 040 |
_aARTS _cARTS _bhin |
||
| 041 |
_2hin _ahin |
||
| 082 | _aV2:1.J3, 152K9.1 | ||
| 100 |
_aऔक, पी. एन. _9164378 |
||
| 245 | 0 | _aभारत मे मुस्लिम सुलतान सन् 712 से 1526 तक, अनु श्यामसुन्दर शर्मा | |
| 246 | _aBhārat me muslim sulatān san 712 se 1526 taka, anu0 shyāmasundar sharmā | ||
| 260 | _c1969 | ||
| 942 |
_hV2:1.J3, 152K9.1 _cTEXL _2CC |
||
| 999 |
_c345293 _d345293 |
||